Recent problems in Anglo-Japanese economics and trade

Na minha lista:
Detalhes bibliográficos
Formato: Livro
Idioma:Undetermined
Publicado em: London The japan Trade Centre 1976
Assuntos:
Tags: Adicionar Tag
Sem tags, seja o primeiro a adicionar uma tag!
Thư viện lưu trữ: Trung tâm Học liệu Trường Đại học Cần Thơ
LEADER 00432nam a2200157Ia 4500
001 CTU_78860
008 210402s9999 xx 000 0 und d
082 |a 330 
082 |b R294 
245 0 |a Recent problems in Anglo-Japanese economics and trade 
260 |a London 
260 |b The japan Trade Centre 
260 |c 1976 
650 |a Economics,Trade 
650 |z Japan 
980 |a Trung tâm Học liệu Trường Đại học Cần Thơ